000 00393cam a2200157ua 4500
041 _aeng
_h
082 _a828.09
_bWHI/MA
100 _aWhite, A V.
245 _aMaking stage costumes for amateurs /
_cA V White.
_hTextual Documents
250 _a1 /
_b.
260 _aLondon :
_bRoutledge & Kegan Paul Ltd ,
_c1963.
300 _a73 ; .
504 _a
942 _cBK
999 _c3541
_d3541